01708nam a2200289Ia 450000500170000000800410001702000150005804100080007310000350008124500670011625000220018326400330020530000480023833600270028633700330031333800280034649000230037452007170039752100450111458600450115965000510120465000510125565000330130670000330133904000350137208400110140720220316235348.0121119s2002 ck a br 000 j spa  a95830029170 aspa1 aNiño, Jairo Aníbal,d1941-10aZorocJairo Aníbal Niño ; ilustraciones de Patricia Acosta aPrimera edición 1aBogotábPanamericanac2002 a97 páginasbilustraciones a colorc20 cm. atextobtxt2rdacontent asin mediaciónbn2rdamedia avolumenbnc2rdacarrier0 aLiteratura juvenil3 aZoro ha sido calificada como la obra infantil más poética de los últimos años en el país. En ella se unen la realidad y la fantasía alrededor de un niño de la selva, Zoro, quien en compañía de un anciano negro busca su pueblo. En este viaje, lleno de aventuras, encuentra a un tigre de cristal que canta, a unos gigantes con piel de vidrio, pasa por un bosque de animales, se hace amigo de una águila de hielo y de dos viajeros del Sol, hasta que, gracias a su esfuerzo, llega al lugar de destino. Este relato es un canto a la imaginación y llena un vacío en la producción de obras de gran calidad para la infancia. Zoro obtuvo el I Premio Nacional de Literatura Infantil Enka, en 1977.1 aRecomendado para niños de 7-10 años. aPremio Nacional de Literatura Enka, 1977142LEMBaCuentos infantiles colombianosySiglo XX142LEMBaLiteratura infantil colombianaySiglo XX142LEMBaHistorias de aventuras1 aAcosta, Patriciaeilustrador aCO-BoRNBPbspaerdacCO-BoRNBP aN NIn1